000 00320nam a22001337a 4500
020 _a81-204-0370-3
041 _aENG
100 _aPuttaswamaiah .K
245 _aCost Benefit Analysis Of Irrigation And Drought Proofing
260 _aDelhi
_bOxford & IBH .PUB
_c1989
300 _a175
650 _aIDE
856 _uIDE
999 _c398
_d398